000 00297nam a2200121Ia 4500
008 231129s1979||||xx |||||||||||||| ||spa||
082 _aHAJ- 0246
100 _aHolguí­n Andrés
245 0 _aEl problema del mal
260 _c1979
264 _aColombia: Tercer Mundo 1979
942 _2ddc
_cBKS
999 _c12201
_d12201